000 00310nam a22001457a 4500
008 210511b ||||| |||| 00| 0 eng d
020 _a9780913383872
041 _aeng
080 _a612.39
082 _a612.39
100 _a10
101 _aNUT
245 _aA Slice of Kentucky
_cLakes
942 _2udc
_cBK
999 _c57263
_d57263